000 00323nam a22001457a 4500
008 210527b ||||| |||| 00| 0 eng d
020 _a9780393657654
041 _aeng
080 _a82
082 _a82
100 _a21
101 _aGJL
245 _aSkills Manual Reading and Writing
_cJohn Henkel
942 _2udc
_cBK
999 _c57733
_d57733